00246nam a22000977a 4500020001900000040000900019100002800028245004300056260003900099300001000138 a978-0195107890 cSCME aEdited by James E. Mark aPolymer Data Handbook /cJames E. Mark aNew York bOxford Universityc1999 a960p.